Studi in onore di Antonino Metro

Saved in:
Bibliographic Details
Main Author: Russo Ruggeri, Carmela (Author)
Format: Book
Language:Italian
Published: Milán Giuffrè Editore 2009
Subjects:
Tags: Add Tag
No Tags, Be the first to tag this record!

MARC

LEADER 00000nam a2200000 a 4500
001 UCG5969
003 CL-VaPUC
008 110331e20090000IT |||||||||||||||||ita|d
020 |a 8814152519 
082 0 4 |a 340.54  |b RUS  |2 21 
100 0 |a Russo Ruggeri, Carmela  |e author  |9 555930 
245 1 0 |a Studi in onore di Antonino Metro 
300 |a t 
942 |c BK 
945 |d 20110331 00:00:00  |a dcastane 
260 |a Milán  |b Giuffrè Editore  |c 2009 
650 0 |a Derecho Romano Historia  |9 257631 
650 7 |a LEGISLACION  |2 CL-VaPUC  |9 555931 
650 0 |a Escritos  |9 255895 
583 |a last modification  |c 20110331 00:00:00  |k Rodrigo Vera 
999 |c 344293  |d 344291 
952 |0 0  |1 0  |4 0  |6 340_540000000000000_RUS_2009  |7 0  |8 DER_ROM  |9 442193  |a BIBDER  |b BIBDER  |d 2019-11-22  |h t.1  |i 4761065  |o 340.54 RUS 2009  |p 4761065  |r 2023-01-25  |w 2019-11-22  |x Ubicación 4to piso  |y BK  |z Este recurso debe solicitarse con anticipación  |k DER 
952 |0 0  |1 0  |4 0  |6 340_540000000000000_RUS_2009  |7 0  |8 DER_ROM  |9 442194  |a BIBDER  |b BIBDER  |d 2019-11-22  |h t.2  |i 4761073  |o 340.54 RUS 2009  |p 4761073  |r 2023-01-25  |w 2019-11-22  |x Ubicación 4to piso  |y BK  |z Este recurso debe solicitarse con anticipación  |k DER 
952 |0 0  |1 0  |4 0  |6 340_540000000000000_RUS_2009  |7 0  |8 DER_ROM  |9 442195  |a BIBDER  |b BIBDER  |d 2019-11-22  |h t.3  |i 4761081  |o 340.54 RUS 2009  |p 4761081  |r 2023-01-25  |w 2019-11-22  |x Ubicación 4to piso  |y BK  |z Este recurso debe solicitarse con anticipación  |k DER 
952 |0 0  |1 0  |4 0  |6 340_540000000000000_RUS_2009  |7 0  |8 DER_ROM  |9 442196  |a BIBDER  |b BIBDER  |d 2019-11-22  |h t.4  |i 476109K  |o 340.54 RUS 2009  |p 476109K  |r 2023-01-25  |w 2019-11-22  |x Ubicación 4to piso  |y BK  |z Este recurso debe solicitarse con anticipación  |k DER 
952 |0 0  |1 0  |4 0  |6 340_540000000000000_RUS_2009  |7 0  |8 DER_ROM  |9 442197  |a BIBDER  |b BIBDER  |d 2019-11-22  |h t.5  |i 4761103  |o 340.54 RUS 2009  |p 4761103  |r 2023-01-25  |w 2019-11-22  |x Ubicación 4to piso  |y BK  |z Este recurso debe solicitarse con anticipación  |k DER 
952 |0 0  |1 0  |4 0  |6 340_540000000000000_RUS_2009  |7 0  |8 DER_ROM  |9 442198  |a BIBDER  |b BIBDER  |d 2019-11-22  |h t.6  |i 4761111  |o 340.54 RUS 2009  |p 4761111  |r 2023-01-25  |w 2019-11-22  |x Ubicación 4to piso  |y BK  |z Este recurso debe solicitarse con anticipación  |k DER